Seeking palestine : (Record no. 143585)

MARC details
000 -LEADER
fixed length control field 00662nam a22002057a 4500
005 - DATE AND TIME OF LATEST TRANSACTION
control field 20170821112047.0
010 ## - LCCN (DPL NO)
LC control number ENG-119729
020 ## - INTERNATIONAL STANDARD BOOK NUMBER
International Standard Book Number 8188965731
Terms of availability 395.00
020 ## - INTERNATIONAL STANDARD BOOK NUMBER
International Standard Book Number 9798188965730
Terms of availability 395.00
035 ## - SYSTEM CONTROL NUMBER
System control number EN-103261
037 ## - SOURCE OF ACQUISITION
Source of stock number/acquisition DBAD/PUB
082 ## - DEWEY DECIMAL CLASSIFICATION NUMBER
Classification number S
245 ## - TITLE STATEMENT
Title Seeking palestine :
Statement of responsibility, etc edited by Penny Johnson [and] Raja Shehadeh
Remainder of title new palestine writing on exile & home /
260 ## - PUBLICATION, DISTRIBUTION, ETC. (IMPRINT)
Place of publication, distribution, etc New Delhi
Name of publisher, distributor, etc Women Unlimited ( an associate of kali for women)
Date of publication, distribution, etc 2012
270 ## - ADDRESS
Address K-36, Hauz Khas Enclave,
City New Delhi
Postal code 110016
300 ## - PHYSICAL DESCRIPTION
Extent xvi,202p. :
Dimensions 22cm(Hb)
Other physical details ill.
700 ## - ADDED ENTRY--PERSONAL NAME
Personal name Johnson, Penny
700 ## - ADDED ENTRY--PERSONAL NAME
Personal name Shehadesh, Raja
942 ## - ADDED ENTRY ELEMENTS (KOHA)
Source of classification or shelving scheme Dewey Decimal Classification
Item type English Books
Classification part S
Call number suffix SEE
Holdings
Withdrawn status Lost status Not for loan Collection code Home library Current library Date acquired Source of acquisition Cost, normal purchase price Full call number Barcode Copy number Cost, replacement price Koha item type
      Non-fiction Katevara Katevara 21/08/2017 DBAD/PUB 395.00 S SEE EN-103261 1 395.00 English Books

© Delhi Public Library
Hit Counter
free hit counter